000 00619nam a2200253Ia 4500
005 20260121153953.0
008 008 260114s9999 xx 000 0 eng d
020 _a9781315560243
037 _aEBOOK
040 _aCRL
040 _beng
040 _cCRL
041 _2eng
041 _aeng
084 _qCRL
100 _a Joel Harvey; Derval Ambrose
_91001414
245 0 _aSocial Psychology in Forensic Practice
260 _bTaylor and Francis
260 _c2023
856 _uhttp://www.taylorfrancis.com/books/9781315560243
942 _cEBOOK
999 _c1568235
_d1568235